000 01252cam a2200325 a 4500
999 _c6212
_d6212
001 17119328
005 20170602102131.0
008 120113s2011 sa ab b 001 0aeng
010 _a 2011349790
020 _a9780143026822
035 _a(OCoLC)ocn764547445
040 _aOI@
_cOI@
_dYDXCP
_dBWK
_dCLU
_dDLC
042 _alccopycat
_alcode
050 0 0 _aDT2999.T88
_bA3 2011
082 0 4 _a968.91051
_223
100 1 _aTsvangirai, Morgan,
_d1952-
_931963
245 1 0 _aMorgan Tsvangirai :
_bat the deep end /
_cwith T. William Bango.
260 _aJohannesburg :
_bPenguin Books (South Africa),
_c2011.
300 _aviii, 563 p., [4] p. of plates :
_bcol. ill., map ;
_c24 cm.
504 _aIncludes bibliographical references (p. 554-556) and index.
600 1 0 _aTsvangirai, Morgan,
_d1952-
_931963
610 2 0 _aMovement for Democratic Change (Zimbabwe)
_931964
650 0 _aPoliticians
_zZimbabwe
_vBiography.
_922831
651 0 _aZimbabwe
_xPolitics and government
_y1980-
_932017
700 1 _aBango, Tagwirei William.
_932018
906 _a7
_bcbc
_ccopycat
_d2
_encip
_f20
_gy-gencatlg
942 _2lcc
_cMONOGRAPH